AN ASSESSMENT OF PUBLIC PROCUREMENT OVERSIGHT AUTHORITY STRATEGIES ON PROCUREMENT PRACTICES IN PUBLIC SECTOR IN KENYA (Record no. 215979)
[ view plain ]
| 000 -LEADER | |
|---|---|
| fixed length control field | 00530nam a22001457a 4500 |
| 008 - FIXED-LENGTH DATA ELEMENTS--GENERAL INFORMATION | |
| fixed length control field | 250730b |||||||| |||| 00| 0 eng d |
| 050 ## - LIBRARY OF CONGRESS CALL NUMBER | |
| Classification number | THE JQ 2947 .W98 2015 |
| Item number | C.1 |
| 100 ## - MAIN ENTRY--PERSONAL NAME | |
| Personal name | WYTHINE B. SAMWEL |
| 245 ## - TITLE STATEMENT | |
| Title | AN ASSESSMENT OF PUBLIC PROCUREMENT OVERSIGHT AUTHORITY STRATEGIES ON PROCUREMENT PRACTICES IN PUBLIC SECTOR IN KENYA |
| Remainder of title | A CASE STUDY OF KISII CENTRAL SUB-COUNTY, KISII COUNTY |
| 260 ## - PUBLICATION, DISTRIBUTION, ETC. | |
| Place of publication, distribution, etc. | KISII |
| Name of publisher, distributor, etc. | KSU |
| Date of publication, distribution, etc. | 2015 |
| 300 ## - PHYSICAL DESCRIPTION | |
| Extent | X, 46P., ILL: |
| 500 ## - GENERAL NOTE | |
| General note | INCLUDES REFERENCES |
| 942 ## - ADDED ENTRY ELEMENTS (KOHA) | |
| Source of classification or shelving scheme | Library of Congress Classification |
| Koha item type | Reference |
| Withdrawn status | Lost status | Source of classification or shelving scheme | Damaged status | Not for loan | Collection | Home library | Current library | Shelving location | Date acquired | Inventory number | Total checkouts | Full call number | Barcode | Date last seen | Copy number | Price effective from | Koha item type |
|---|---|---|---|---|---|---|---|---|---|---|---|---|---|---|---|---|---|
| Library of Congress Classification | Not for loan | Special Research | Kisii University Library | Kisii University Library | On Display | 07/30/2025 | 84721 | THE JQ 2947 .W98 2015 | 000000020974 | 07/30/2025 | C.1 | 07/30/2025 | Reference |